000
00193nam a22000977a 4500
999
_c
153925
_d
153925
082
_a
_b
245
_a
UGC NET/ SLET history paper 1, 2 & 3/
260
_a
_b
_c
650
_a
942
_c
BK